000 00337nam a22001577a 4500
003 SGT
020 _a9789356961852
082 _a617
_bS23B
100 _aBHAT, M. SRIRAM
245 _aSRB'S MANUAL OF SURGERY
250 _a7TH
260 _aINDIA
_bJAYPEE PUB
_c2023
300 _a1296
650 _aGENRAL SURGERY
942 _2ddc
_cBK
999 _c30604
_d30604